| 000 | 01445nam a22003494a 4500 | ||
|---|---|---|---|
| 001 | ebr10076814 | ||
| 003 | CaPaEBR | ||
| 006 | m u | ||
| 007 | cr cn||||||||| | ||
| 008 | 030506s2004 enka sb 001 0 eng | ||
| 010 | _z 2003046951 | ||
| 020 | _z0333763300 (cloth) | ||
| 020 | _z0333763319 (pbk.) | ||
| 040 |
_aCaPaEBR _cCaPaEBR |
||
| 035 | _a(OCoLC)191933340 | ||
| 050 | 1 | 4 |
_aU37 _b.N52 2004eb |
| 082 | 0 | 4 |
_a355/.0094/0902 _221 |
| 100 | 1 |
_aNicholson, Helen J., _d1960- |
|
| 245 | 1 | 0 |
_aMedieval warfare _h[electronic resource] : _btheory and practice of war in Europe, 300-1500 / _cHelen Nicholson. |
| 260 |
_aHoundmills, Basingstoke, Hampshire ; _aNew York : _bPalgrave Macmillan, _c2004. |
||
| 300 |
_aix, 231 p. : _bill. |
||
| 504 | _aIncludes bibliographical references (p. 214-218) and index. | ||
| 533 |
_aElectronic reproduction. _bPalo Alto, Calif. : _cebrary, _d2013. _nAvailable via World Wide Web. _nAccess may be limited to ebrary affiliated libraries. |
||
| 650 | 0 | _aMilitary history, Medieval. | |
| 650 | 0 |
_aMilitary art and science _xHistory _yMedieval, 500-1500. |
|
| 650 | 0 |
_aMilitary weapons _zEurope _xHistory _yTo 1500. |
|
| 650 | 0 |
_aFortification _zEurope. |
|
| 651 | 0 |
_aEurope _xHistory, Military. |
|
| 655 | 7 |
_aElectronic books. _2local |
|
| 710 | 2 | _aebrary, Inc. | |
| 856 | 4 | 0 |
_uhttp://site.ebrary.com/lib/rucke/Doc?id=10076814 _zAn electronic book accessible through the World Wide Web; click to view |
| 999 |
_c73051 _d73051 |
||